[Event "Challenge"]
[Site "http://www.queenalice.com/game.php?id=295988"]
[Date "2007.10.31"]
[Round "-"]
[White "MooseND520"]
[Black "hooligan"]
[Result "1-0"]
[WhiteElo "1476"]
[BlackElo "988"]

1. d4 d5 2. Nc3 c6 3. e4 g6 4. exd5 cxd5 5. Bb5+ Nd7 6. Nxd5 a6 7. Bxd7+ Bxd7 8.
Bf4 e6 9. Nc7+ Ke7 10. Nxa8 Qxa8 11. d5 exd5 12. Qe2+ Be6 13. O-O-O Nf6 14. Qe5
Rg8 15. Nf3 Qd8 16. Ng5 d4 17. Nxe6 fxe6 18. Bg5 Kf7 19. Bxf6 Qxf6 20. f4 b5 21.
Rxd4 Be7 22. g4 h5 23. g5 Qxe5 24. fxe5 Bxg5+ 25. Kd1 h4 26. Rf1+ Kg7 27. Rd7+
Kh6 28. Rff7 a5 29. Rh7# 1-0

[Event "Challenge"]
[Site "http://www.queenalice.com/game.php?id=296107"]
[Date "2007.10.31"]
[Round "-"]
[White "parbuster43"]
[Black "MooseND520"]
[Result "1-0"]
[WhiteElo "1605"]
[BlackElo "1381"]

1. e4 d5 2. exd5 Qxd5 3. d4 Nc6 4. Ne2 e5 5. c3 exd4 6. Nxd4 Bb4 7. Be3 Bc5 8.
Qf3 Qe5 9. Bc4 Nf6 10. Nxc6 Qd6 11. Na5 O-O 12. h3 Be6 13. Bxe6 Qxe6 14. O-O b6
15. Bxc5 bxc5 16. Nb3 Ne4 17. Re1 f5 18. Nxc5 Qd5 19. Nxe4 fxe4 20. Qxe4 Rf5 21.
Qxd5+ Rxd5 22. Kh2 Rf8 23. Kg1 Rdf5 24. Re2 Rd8 25. Rd2 Re8 26. Na3 g5 27. Rad1
Kf7 28. Nc2 h5 29. Ne3 Rf4 30. Rd7+ Kf6 31. Nd5+ Kf5 32. Nxf4 gxf4 33. R1d5+ Ke6
34. Rd4 Kf5 35. Kf1 Re5 36. R4d5 Ke6 37. Rxe5+ Kxe5 38. Ke2 Ke4 39. Rxc7 a5 40.
Ra7 h4 41. Rh7 Kd5 42. Kd3 Ke5 43. Rh5+ Kf6 44. Ke4 Kg6 45. Rxa5 f3 46. Kxf3 Kf6
47. Kf4 Ke6 48. Kg4 Kd6 49. Kf4 Ke6 50. a4 Kd6 51. Rh5 Ke6 52. a5 Kd6 53. g3 Ke6
54. a6 Kd6 55. a7 Ke6 56. a8=Q Kf6 57. Ra5 Ke6 58. Qc6+ Ke7 59. Ra7+ Kd8 60.
Qa8# 1-0

[Event "AUTO-OPEN-885"]
[Site "http://www.queenalice.com/game.php?id=296212"]
[Date "2007.11.1"]
[Round "1"]
[White "MooseND520"]
[Black "karpovl"]
[Result "0-1"]
[WhiteElo "1476"]
[BlackElo "1485"]

1. e3 d5 2. d4 Nh6 3. h3 e6 4. c4 Bb4+ 5. Bd2 a5 6. Qa4+ Nc6 7. Bxb4 dxc4 8.
Bxc4 axb4 9. Qxa8 O-O 10. Qa4 b6 11. Qxc6 Bd7 12. Qe4 Qg5 13. g4 f5 14. Qb7 fxg4
15. Qxc7 Qf6 16. Qxd7 Kh8 17. Bxe6 Qxf2+ 18. Kd1 Qxb2 19. Qe7 Rf1# 0-1

[Event "AUTO-OPEN-885"]
[Site "http://www.queenalice.com/game.php?id=296213"]
[Date "2007.11.1"]
[Round "1"]
[White "karpovl"]
[Black "MooseND520"]
[Result "0-1"]
[WhiteElo "1493"]
[BlackElo "1226"]

1. d4 e6 2. e4 d6 3. d5 Nf6 4. Bb5+ c6 5. dxc6 bxc6 6. Ba4 Qa5+ 7. Nc3 Nxe4 8.
Bd2 Nxc3 9. Bxc3 Qxa4 10. b3 Qe4+ 11. Ne2 Qxg2 12. Rg1 Qxh2 13. Ba5 d5 14. c4
Bc5 15. Rf1 O-O 16. b4 Bb6 17. Bxb6 axb6 18. Ng3 Qh4 19. Rh1 Qxc4 20. Rc1 Qxb4+
21. Qd2 Qb5 22. Ne2 e5 23. Nc3 Qc4 24. Qc2 g6 25. Qe2 Qxe2+ 26. Kxe2 Bg4+ 27.
Ke1 d4 28. Ne4 f5 29. Ng5 Rxa2 30. Rxh7 Re2+ 31. Kf1 d3 32. Kg2 d2 33. Rch1 Re1
34. Rh8+ Kg7 35. R8h7+ Kf6 36. Rxe1 dxe1=Q 0-1

[Event "AUTO-OPEN-885"]
[Site "http://www.queenalice.com/game.php?id=296214"]
[Date "2007.11.1"]
[Round "1"]
[White "MooseND520"]
[Black "rogeriokormann"]
[Result "1-0"]
[WhiteElo "1375"]
[BlackElo "870"]

1. Nc3 e5 2. d4 d6 3. Nf3 f5 4. Bg5 Be7 5. h4 h6 6. Bxe7 Qxe7 7. e3 e4 8. Nd2 g5
9. Nd5 Qe6 10. Nxc7+ Kd7 11. Nxe6 Kxe6 12. hxg5 hxg5 13. Rxh8 Ne7 14. Rh6+ Kd7
15. Bb5+ Nbc6 16. Nc4 a6 17. Rxd6+ 1-0

[Event "AUTO-OPEN-885"]
[Site "http://www.queenalice.com/game.php?id=296215"]
[Date "2007.11.1"]
[Round "1"]
[White "rogeriokormann"]
[Black "MooseND520"]
[Result "0-1"]
[WhiteElo "870"]
[BlackElo "1381"]

1. e4 d5 2. d3 e5 3. exd5 Qxd5 4. Nc3 Bb4 5. a3 Bxc3+ 6. bxc3 Nc6 7. c4 Qd4 8.
Bb2 Qxb2 9. Nf3 Nh6 10. g3 Bg4 11. Rb1 Qxa3 12. Rb3 Qc5 13. Rb5 Qe7 14. Rxb7 e4
15. h3 Bxf3 16. Rh2 Bxd1 0-1

[Event "Challenge"]
[Site "http://www.queenalice.com/game.php?id=297690"]
[Date "2007.11.3"]
[Round "-"]
[White "anghellic28"]
[Black "MooseND520"]
[Result "1-0"]
[WhiteElo "1302"]
[BlackElo "1378"]

1. d4 Nf6 2. Nf3 d5 3. Na3 Nc6 4. Bf4 Ng4 5. Rg1 e6 6. h3 Nh6 7. g4 f5 8. g5 Nf7
9. h4 Bd6 10. e3 O-O 11. h5 h6 12. gxh6 Kh7 13. Rxg7+ Kh8 14. b3 Bb4+ 15. Ke2
Bc3 16. Rb1 b6 17. h7 Kxg7 18. Bh3 Nb4 19. Qg1+ Kxh7 20. Qg6+ Kh8 21. h6 Ba6+
22. Kd1 Rg8 23. Qxf7 c5 24. Be5+ Rg7 25. Qxg7# 1-0

[Event "Challenge"]
[Site "http://www.queenalice.com/game.php?id=297692"]
[Date "2007.11.3"]
[Round "-"]
[White "berbu1084"]
[Black "MooseND520"]
[Result "1-0"]
[WhiteElo "1899"]
[BlackElo "1321"]

1. e4 Nc6 2. Nf3 d5 3. exd5 Qxd5 4. Nc3 e5 5. Nxd5 Bd6 6. Bc4 Be6 7. O-O f6 8.
d4 Nge7 9. Nxe7 Kxe7 10. Bxe6 Kxe6 11. dxe5 fxe5 12. Re1 h5 13. c3 Rag8 14. Ng5+
Ke7 15. Ne4 Rd8 16. Bg5+ Kf7 17. Bxd8 Rxd8 18. Qf3+ Kg8 19. Rad1 h4 20. Qg4 Kf8
21. Nxd6 cxd6 22. Qxh4 Re8 23. Rxd6 Re7 24. Qh8+ Kf7 25. Qh5+ Kf8 26. Qf5+ Kg8
27. f4 Rf7 28. Qe6 exf4 29. Rd7 f3 30. Qxf7+ Kh8 31. Qxg7# 1-0

[Event "Challenge"]
[Site "http://www.queenalice.com/game.php?id=307227"]
[Date "2007.11.20"]
[Round "-"]
[White "crank_I_bator"]
[Black "MooseND520"]
[Result "0-1"]
[WhiteElo "1337"]
[BlackElo "1321"]

1. e4 d5 2. d3 e5 3. Nf3 Nc6 4. exd5 Qxd5 5. Nc3 Qd8 6. Bg5 f6 7. Be3 Nb4 8. d4
Ne7 9. Qd2 exd4 10. Rd1 c5 11. Bf4 d3 12. a3 Nxc2+ 13. Qxc2 dxc2 14. Bb5+ Bd7
15. Rxd7 Qxd7 16. O-O Nc6 17. Re1+ Be7 18. h3 O-O 19. Ba4 Qd3 20. Nb5 Rad8 21.
Rc1 Qd1+ 22. Kh2 Qe2 23. Rxc2 Qf1 24. Bb3+ Kh8 25. Nc7 Nd4 26. Nxd4 Rxd4 27. Ne6
Rxf4 28. Nxf4 Bd6 29. g3 Re8 30. Ng2 Re2 31. Bc4 Qxf2 32. Rxe2 Bxg3+ 33. Kh1
Qf1# 0-1

[Event "Challenge"]
[Site "http://www.queenalice.com/game.php?id=308284"]
[Date "2007.11.22"]
[Round "-"]
[White "MooseND520"]
[Black "FlordeLotus"]
[Result "1-0"]
[WhiteElo "1355"]
[BlackElo "1550"]

1. e4 d5 2. d3 Nf6 3. Nc3 e6 4. e5 d4 5. exf6 dxc3 6. bxc3 Qxf6 7. d4 e5 8. Nf3
exd4 9. Nxd4 Nd7 10. Be2 c5 11. Nb5 Qc6 12. O-O b6 13. Re1 Bb7 14. Bf3+ Be7 15.
Bxc6 Bxc6 16. Nc7+ Kd8 17. Nxa8 Bxa8 18. Qe2 Bf6 19. Bb2 Re8 20. Qb5 Rxe1+ 21.
Rxe1 h5 22. Qe2 Ne5 23. c4 1-0

[Event "Challenge"]
[Site "http://www.queenalice.com/game.php?id=311751"]
[Date "2007.11.28"]
[Round "-"]
[White "MooseND520"]
[Black "FENIX_RJ"]
[Result "1-0"]
[WhiteElo "1325"]
[BlackElo "1489"]

1. d4 Nf6 2. d5 d6 3. Nc3 e6 4. e4 e5 5. Nf3 c6 6. Bc4 Qa5 7. O-O cxd5 8. Bxd5
Nc6 9. Ng5 Nd8 10. Nxf7 Nxf7 11. Bxf7+ Kxf7 12. Qf3 Be7 13. Nd5 Bg4 14. Qe3 Rac8
15. Qb3 Be2 16. Nc3+ Kg6 17. Re1 Bc4 18. Qxb7 Qc5 19. Qxe7 Rhe8 20. Qb7 Ng4 21.
Be3 Qa5 22. Nd5 Qd8 23. b3 Qh4 24. h3 Nxe3 25. Nxe3 Rf8 26. f3 Qg3 27. bxc4 Rxf3
28. Re2 Rcf8 29. Nf5 R8xf5 30. exf5+ Rxf5 31. Qe4 Kf6 32. Rf1 Kg6 33. Qxf5+ Kh6
34. Rf3 Qh4 35. Re4 Qd8 36. Qe6+ g6 37. g3 Qb6+ 38. Kg2 Qb1 39. Rh4+ 1-0

[Event "Challenge"]
[Site "http://www.queenalice.com/game.php?id=312218"]
[Date "2007.11.29"]
[Round "-"]
[White "anghellic28"]
[Black "MooseND520"]
[Result "0-1"]
[WhiteElo "1320"]
[BlackElo "1369"]

1. Nc3 d5 2. e4 Nf6 3. e5 Ne4 4. Nh3 Nxc3 5. bxc3 Nc6 6. d4 f6 7. exf6 exf6 8.
Nf4 Be7 9. Bd3 O-O 10. Qh5 f5 11. c4 Nxd4 12. c3 Nc6 13. cxd5 Ne5 14. Bc2 c6 15.
Ne6 Bxe6 16. dxe6 Nd3+ 17. Bxd3 Qxd3 18. Bb2 Qc2 19. Bc1 Qxc3+ 20. Bd2 Qxa1+ 21.
Ke2 Qxh1 22. Bc3 g6 23. Qh6 Bf6 24. e7 Rae8 25. Bb4 Bxe7 26. Qf4 Bd6+ 27. Kf3
Bxf4 28. Bxf8 Re4 29. h3 Qd1# 0-1

[Event "Challenge"]
[Site "http://www.queenalice.com/game.php?id=322684"]
[Date "2007.12.19"]
[Round "-"]
[White "anghellic28"]
[Black "MooseND520"]
[Result "1-0"]
[WhiteElo "1287"]
[BlackElo "1391"]

1. Nf3 e6 2. e4 d5 3. e5 f6 4. d4 Nc6 5. c3 fxe5 6. dxe5 d4 7. cxd4 Nxd4 8. Nxd4
Bb4+ 9. Bd2 Qxd4 10. Qc2 Qxe5+ 11. Be2 Bc5 12. f4 Qd5 13. Nc3 Qxg2 14. O-O-O Nf6
15. f5 exf5 16. Rhe1 O-O 17. Bc4+ Kh8 18. Re2 Qg4 19. Qd3 Bd7 20. Rf1 g6 21. Bh6
Rfe8 22. Nd5 Rxe2 23. Nxf6 Qg2 24. Qxd7 Rc2+ 25. Kd1 Bf8 26. b3 Bxh6 27. Qxh7#
1-0

[Event "Challenge"]
[Site "http://www.queenalice.com/game.php?id=333096"]
[Date "2008.1.8"]
[Round "-"]
[White "berbu1084"]
[Black "MooseND520"]
[Result "0-1"]
[WhiteElo "1859"]
[BlackElo "1383"]

1. e4 d5 2. exd5 Qxd5 3. Nc3 Qd8 4. Nf3 Nc6 5. h3 Nf6 6. Be2 e5 7. O-O Nd4 8.
Nxe5 Bd6 9. Nf3 Bc5 10. Re1 O-O 11. Nxd4 Qxd4 12. Rf1 Bf5 13. d3 a5 14. Be3 Qd6
15. Bxc5 Qxc5 0-1

[Event "AUTO-OPEN-885"]
[Site "http://www.queenalice.com/game.php?id=360397"]
[Date "2008.2.25"]
[Round "2"]
[White "ambaradann"]
[Black "MooseND520"]
[Result "1-0"]
[WhiteElo "1920"]
[BlackElo "1383"]

1. e4 d5 2. exd5 Qxd5 3. Nc3 Qd8 4. d4 Nf6 5. Nf3 e6 6. h3 Nc6 7. Bd2 Nxd4 8.
Nxd4 Qxd4 9. Be3 Qe5 10. Qd3 Bd6 11. O-O-O Bd7 12. Nb5 Bxb5 13. Qxb5+ Nd7 14.
Qxe5 Bxe5 15. f4 Bf6 16. Be2 Nb6 17. g4 Nd5 18. Bd2 Bd4 19. Ba5 Be3+ 20. Kb1
Bxf4 21. Bf3 O-O-O 22. Be1 h5 23. gxh5 g6 24. hxg6 fxg6 25. Bg4 Rd6 26. Rxd5 Kb8
27. Rxd6 cxd6 28. Bxe6 Rh5 29. Bg4 Rd5 30. Bc3 g5 31. Rd1 Rb5 32. Bd2 Rd5 33.
Kc1 b5 34. Bxf4 Rxd1+ 35. Kxd1 Kc7 36. Bxg5 d5 37. h4 Kc6 38. h5 Kc5 39. h6 Kc4
40. h7 1-0

[Event "AUTO-OPEN-885"]
[Site "http://www.queenalice.com/game.php?id=360398"]
[Date "2008.2.25"]
[Round "2"]
[White "MooseND520"]
[Black "ambaradann"]
[Result "0-1"]
[WhiteElo "1383"]
[BlackElo "1918"]

1. d4 d5 2. Nc3 c6 3. e4 dxe4 4. Nxe4 g6 5. Nf3 Bg7 6. Bc4 Bg4 7. Neg5 e6 8. O-O
h6 9. Nxf7 Qf6 10. N3e5 Bxd1 11. Rxd1 Nd7 12. f4 Nxe5 13. Nxe5 O-O-O 14. b4 Qf5
15. Nd3 Bxd4+ 16. Kf1 Bxa1 17. Re1 Rd6 18. b5 Bc3 19. Re2 cxb5 20. Bxb5 Qxb5 21.
Ba3 Rxd3 22. cxd3 Qb1+ 23. Kf2 Qxd3 24. Bc5 Bd4+ 25. Bxd4 Qxd4+ 26. Ke1 Qxf4 27.
Rxe6 Ne7 28. g3 Qb4+ 29. Kf2 Rf8+ 30. Kg2 Rf7 31. Re5 Qb2+ 32. Kh3 Qxe5 33. a4
Rf2 34. g4 Qxh2# 0-1

[Event "AUTO-OPEN-885"]
[Site "http://www.queenalice.com/game.php?id=360403"]
[Date "2008.2.25"]
[Round "2"]
[White "MooseND520"]
[Black "Tamise"]
[Result "0-1"]
[WhiteElo "1355"]
[BlackElo "2066"]

1. d4 Nf6 2. Nc3 d5 3. Nf3 c5 4. e3 Nc6 5. dxc5 e5 6. Bb5 Bg4 7. O-O Bxc5 8.
Nxe5 Bxd1 9. Rxd1 Qd6 10. f4 O-O 11. a3 Nxe5 12. fxe5 Qxe5 13. Rd3 d4 14. Nd1
dxe3 15. Bxe3 Bxe3+ 16. Nxe3 Qxb5 17. b4 Rad8 18. c4 Qe5 19. Rc3 Qxc3 20. Re1
Ng4 21. Nxg4 Qxe1# 0-1

[Event "AUTO-OPEN-885"]
[Site "http://www.queenalice.com/game.php?id=360404"]
[Date "2008.2.25"]
[Round "2"]
[White "Tamise"]
[Black "MooseND520"]
[Result "1-0"]
[WhiteElo "2075"]
[BlackElo "1383"]

1. e4 e5 2. Nf3 Nc6 3. d4 d6 4. Bc4 Nf6 5. Ng5 Be6 6. Bxe6 fxe6 7. Nxe6 Qe7 8.
d5 Nd4 9. Nc3 Nd7 10. Nxc7+ Kf7 11. Nxa8 Nc5 12. O-O g5 13. Qh5+ Kg8 14. Bxg5
Qg7 15. f4 exf4 16. Rxf4 h6 17. Bf6 Qf7 18. Bxd4 Qxh5 19. Bxh8 Kxh8 20. Rxf8+
Kg7 21. Raf1 Nd7 22. R8f5 Qe8 23. Nc7 Qg6 24. Ne6+ Kh8 25. Nb5 Ne5 26. Nxd6 Ng4
27. Rf8+ Kh7 28. R1f7+ Qxf7 29. Rxf7+ Kg6 30. Nf4+ Kg5 31. Rf5+ Kh4 32. g3# 1-0